=LDR 00000nam 2200000 4500 =001 NUTBA000000000000877 =005 20151013155921.0 =006 =007 =008 =020 ##$$a 978-979-29-0995 =035 ##$$0010-041400000000147 =040 ##$$b Ind =090 ##$$a 618.4 $bHar $ci =100 ##$$a Harry oxorn =245 ##$$a Ilmu kebidanan patologi dan fisiologi persalinan =260 ##$$a Yogyakarta $bAndi $c1990 =300 ##$$a xiii,707 hlm $bIllus $c25 cm. =650 ##$$a Kebidanan =850 ##$$a NBPDMAT =990 ##$$a 21301985 =990 ##$$a 92678/BPAP-NTB/2014 =990 ##$$a 21195497/BPAP-NTB/2014 =990 ##$$a 0001/BPAP-NTB/2015